000 00359nam a2200133Ia 4500
008 150202s9999 xx 000 0 und d
020 _a385496494
050 _aFIC
_bFIC
100 _aAlbom, Mitch.
245 _aTuesdays with Morrie /
_cMitch Albom.
260 _aNew York :
_bDoubleDay Books,
_c1997.
300 _a192 pages :
_c18 cm.
650 _aFiction.
999 _c281798
_d281798